00882nam a22001937a 4500008004100000020001800041050002200059245009800081246004800179260007800227300004100305500007700346650004300423650003300466650004000499942001200539999001700551952012000568170228b xxu||||| |||| 00| 0 eng d a9780894980541 aHA29b .H64 2004  ahierarchical linear and nonlinear modeling / cStephen W. Raudenbush ... [and others]  aHierarchical linear and nonlinear modeling  a Lincolnwood, Ill. :bScientific Software Int. Incorporated, c2004  a297 pages :billustrations ;c23 cm  a Includes bibliographical references (pages 294-297) and index  aSocial sciencesxStatistical methods  a Linear models (Statistics)  aSocial sciencesxComputer programs  2lcccBK c49024d49024 00102lcc40708NFICaBOMbBOMcGENd2017-02-28eDonation-BFAg1000.00oHA29 .H64 2004p051220t1w2017-02-28yBK